कांग्रेस के 100 वर्ष / (Record no. 120449)

MARC details
000 -LEADER
fixed length control field 00891nam a22002297a 4500
005 - DATE AND TIME OF LATEST TRANSACTION
control field 20170124103158.0
010 ## - LIBRARY OF CONGRESS CONTROL NUMBER
LC control number A-220304
020 ## - INTERNATIONAL STANDARD BOOK NUMBER
Terms of availability 00.00
035 ## - SYSTEM CONTROL NUMBER
System control number A-220304
037 ## - SOURCE OF ACQUISITION
Source of stock number/acquisition Cen Lib/Ret
040 ## - CATALOGING SOURCE
Original cataloging agency DPL
Language of cataloging HN
082 ## - DEWEY DECIMAL CLASSIFICATION NUMBER
Classification number 329
Item number रामाय
100 ## - MAIN ENTRY--PERSONAL NAME
Personal name रामायण, प्रसाद
9 (RLIN) 90478
245 ## - TITLE STATEMENT
Title कांग्रेस के 100 वर्ष /
Statement of responsibility, etc प्रसाद रामायण
246 ## - VARYING FORM OF TITLE
Title proper/short title Congres ke 100 varsh
Remainder of title by Prasad Ramayan
300 ## - PHYSICAL DESCRIPTION
Extent 99पृष्ठ. :
Dimensions 21सेमी(सजिल्द)
Other physical details चित्र.
650 ## - SUBJECT ADDED ENTRY--TOPICAL TERM
Topical term or geographic name as entry element जीवनियाँ
9 (RLIN) 90479
650 ## - SUBJECT ADDED ENTRY--TOPICAL TERM
Topical term or geographic name as entry element कांग्रेस की कहानी - स्वतंत्र भारत
9 (RLIN) 90480
650 ## - SUBJECT ADDED ENTRY--TOPICAL TERM
Topical term or geographic name as entry element Biographies
9 (RLIN) 618
650 ## - SUBJECT ADDED ENTRY--TOPICAL TERM
Topical term or geographic name as entry element Congressional story - independent India
9 (RLIN) 90481
942 ## - ADDED ENTRY ELEMENTS (KOHA)
Source of classification or shelving scheme Dewey Decimal Classification
Koha item type Hindi Books
Classification part 329
Call number suffix रामाय
Holdings
Withdrawn status Lost status Damaged status Not for loan Home library Current library Date acquired Source of acquisition Cost, normal purchase price Total Checkouts Full call number Barcode Date last seen Date checked out Copy number Cost, replacement price Price effective from Koha item type
        Central Library Central Library 22/09/2015 Cen Lib/Ret 0.00 1 329 रामाय A-220304 22/05/2017 19/05/2017 1 0.00 22/09/2015 Hindi Books

© Delhi Public Library
Hit Counter
free hit counter